Statistics for The Big Bang Theory.

Click here to take the quiz!

General Stats

  • This quiz has been taken 69 times
  • The average score is 10 of 15

Answer Stats

QuestionsAnswer% Correct
Which university do the four main male characters work at?California Institute of Technology (CalTech)
92%
At which restaurant chain did Bernadette work as a waitress?The Cheesecake Factory
90%
Which word, used by Sheldon to indicate a prank, was copyrighted by Warner Bros.?Bazinga!
88%
Where did Howard study for his engineering degree?Massachusetts Institute of Technology (MIT)
73%
In which field of science does Amy Farrah Fowler work?Neuroscience
73%
What is the number of Sheldon and Leonard's apartment?4A
72%
What is the name of Raj's Yorkshire Terrier dog?Cinnamon
68%
What is the name of Sheldon's twin sister?Missy
68%
Which U.S. state did Leonard grow up in?New Jersey
65%
Who once gave Howard the nickname 'Clogzilla'?Emily
58%
Which celebrity attended Sheldon's birthday in episode 200?Adam West
53%
What is the surname of Stuart, the comic book store owner?Bloom
52%
Which character has been on dates with Penny and Amy?Stuart
52%
What is Sheldon's favourite number?Seventy-three
48%
What was the first name of Howard's mother?Deborah
47%

Score Distribution

Percentile by Number Answered

Percent of People with Each Score

Your Score History

You have not taken this quiz